Structural Steelwork : (Record no. 12085)
[ view plain ]
| 000 -LEADER | |
|---|---|
| fixed length control field | 01099cam a2200277 a 4500 |
| 001 - CONTROL NUMBER | |
| control field | 531430 |
| 005 - DATE AND TIME OF LATEST TRANSACTION | |
| control field | 20060728192115.0 |
| 008 - FIXED-LENGTH DATA ELEMENTS--GENERAL INFORMATION | |
| fixed length control field | 870128s1987 enka b 001 0 eng |
| 010 ## - LIBRARY OF CONGRESS CONTROL NUMBER | |
| LC control number | 87000818 |
| 020 ## - INTERNATIONAL STANDARD BOOK NUMBER | |
| International Standard Book Number | 0412296608 |
| 040 ## - CATALOGING SOURCE | |
| Original cataloging agency | DLC |
| Transcribing agency | DLC |
| Modifying agency | DLC |
| 050 00 - LIBRARY OF CONGRESS CALL NUMBER | |
| Classification number | TA684 |
| Item number | .C58 1987 |
| 082 00 - DEWEY DECIMAL CLASSIFICATION NUMBER | |
| Classification number | 624.1821 |
| Edition number | 22 |
| Item number | CLA |
| 100 1# - MAIN ENTRY--PERSONAL NAME | |
| Personal name | Clarke, A. B. |
| Fuller form of name | (Antony Bryan), |
| Dates associated with a name | 1947- |
| 9 (RLIN) | 7132 |
| 245 10 - TITLE STATEMENT | |
| Title | Structural Steelwork : |
| Remainder of title | limit state design / |
| Statement of responsibility, etc | A.B. Clarke and S.H. Coverman. |
| 260 ## - PUBLICATION, DISTRIBUTION, ETC. (IMPRINT) | |
| Place of publication, distribution, etc | London ; |
| -- | New York : |
| Name of publisher, distributor, etc | Chapman and Hall, |
| Date of publication, distribution, etc | 1987. |
| 300 ## - PHYSICAL DESCRIPTION | |
| Extent | xvi, 282 p. : |
| Other physical details | ill. ; |
| Dimensions | 24 cm. |
| 504 ## - BIBLIOGRAPHY, ETC. NOTE | |
| Bibliography, etc | Includes bibliographies and index. |
| 650 #0 - SUBJECT ADDED ENTRY--TOPICAL TERM | |
| Topical term or geographic name as entry element | Steel, Structural. |
| 9 (RLIN) | 7133 |
| 650 #0 - SUBJECT ADDED ENTRY--TOPICAL TERM | |
| Topical term or geographic name as entry element | Building, Iron and steel. |
| 9 (RLIN) | 7134 |
| 650 #0 - SUBJECT ADDED ENTRY--TOPICAL TERM | |
| Topical term or geographic name as entry element | Plastic analysis (Engineering) |
| 9 (RLIN) | 7135 |
| 700 1# - ADDED ENTRY--PERSONAL NAME | |
| Personal name | Coverman, S. H. |
| Fuller form of name | (Sidney H.), |
| Dates associated with a name | 1925- |
| 9 (RLIN) | 7136 |
| 856 42 - ELECTRONIC LOCATION AND ACCESS | |
| Materials specified | Publisher description |
| Uniform Resource Identifier | <a href="http://www.loc.gov/catdir/enhancements/fy0648/87000818-d.html">http://www.loc.gov/catdir/enhancements/fy0648/87000818-d.html</a> |
| 942 ## - ADDED ENTRY ELEMENTS (KOHA) | |
| Source of classification or shelving scheme | Dewey Decimal Classification |
| Item type | Book - Borrowing |
| Withdrawn status | Item status | Source of classification or shelving scheme | Damaged status | Not for loan | Vendor | Home library | Current library | Shelving location | Date acquired | Source of acquisition | Cost, normal purchase price | Total Checkouts | Full call number | Barcode | Date last seen | Koha item type |
|---|---|---|---|---|---|---|---|---|---|---|---|---|---|---|---|---|
| Dewey Decimal Classification | Alef-Baa | Central Library | Central Library | First floor | 29/06/2009 | 150.00 | 624.1821 CLA | 000017183 | 15/07/2025 | Book - Borrowing |